Guess the song by the music video frame - Statistics

General Stats
  • This quiz has been taken 116 times
  • The average score is 11 of 20
Answer Stats
Picture Answer % Correct
bad guy
78%
single ladies
77%
umbrella
77%
wrecking ball
75%
havana
67%
lazy song
67%
wap
65%
shake it off
64%
baby one more time
62%
hotline bling
59%
bad romance
57%
yummy
55%
taste
51%
tik tok
48%
side to side
44%
montero
39%
dollhouse
25%
drag me down
23%
need to know
19%
idgaf
13%
No matching quizzes found
Score Distribution
Percent of People with Each Score
Percentile by Number Answered
Your Score History
You have not taken this quiz